| 000 | 00487nam a2200169 a 4500 | ||
|---|---|---|---|
| 005 | 20140412111236.0 | ||
| 008 | 020311s19uu xx 00 eng d | ||
| 020 | _a0-8431-3992-7 | ||
| 050 |
_aER _bPu96 1995 |
||
| 100 | _aFujimoto, Michi | ||
| 245 |
_aThe puzzle place: go, team! / _cwritten by Michi Fujimoto. |
||
| 260 |
_aNew York : _bPrice Stern Sloan, Inc, _c1995. |
||
| 300 | _a1 v. (unp.) ; ill. | ||
| 440 | _aThe Puzzle Place | ||
| 650 | _aChildren storiec | ||
| 999 |
_c102422 _d102422 |
||